00378nam a2200145Ia 450000500170000000800460001703700120006304000200007504100130009508400270010810000170013524500290015226000420018130000090022320250508160821.0008 250505s9999 xx 000 0 hin d aTextual aFEDLbengcFEDL ahin2eng a320.120 954, NARqFEDL aNarendra Dev 0aRashtriyata aur samajwad aVaranasi, IndiabGyan Mandal Limited  a477p